000
00315nam a22001337a 4500
020
_a
9789350140499
082
_a
621.3815 GUP
100
_a
Gupta , J.B.
245
_a
Elements of Analog Electronics
260
_a
New Delhi
_b
S.K Kataria & sons
_c
2010
300
_a
460 p.
700
_a
J.B.Gupta
942
_c
BK
999
_c
490584
_d
490584